Word Ladder: 3 European Capitals Cut in Half Quiz Stats

 Plays Quiz Updated Jul 19, 2016

Challenge
Share
Tweet
Embed
Score 0/21 Timer 03:00
2 Plays Today
Clue 4-Letter Word % Correct
HungaryBEST
95.4%
HungaryBUST
92.4%
Hungary»BUDA«
91.5%
Hungary»PEST«
90%
HungaryBUDS
83.5%
HungaryBUSS
82.1%
SerbiaBERG
76.2%
SerbiaBORE
70.5%
Bosnia and HerzegovinaVETS
69%
SerbiaBORG
65.6%
Bosnia and HerzegovinaVETO
61.2%
Clue 4-Letter Word % Correct
Bosnia and Herzegovina»SARA«
59%
Bosnia and Herzegovina»JEVO«
57.1%
Serbia»BELG«
54.8%
Serbia»RADE«
53.8%
Bosnia and HerzegovinaSERA
49.6%
Bosnia and HerzegovinaVEVO
47.8%
SerbiaBODE
47.8%
SerbiaBADE
46.1%
Bosnia and HerzegovinaVERA
44.3%
Bosnia and HerzegovinaVERS
43.4%

Today's Daily Dose

You're not logged in!

Compare scores with friends on all Sporcle quizzes.
OR
Log In

You Might Also Like...

Show Comments

Extras

Top Quizzes Today


Score Distribution

Your Account Isn't Verified!

In order to create a playlist on Sporcle, you need to verify the email address you used during registration. Go to your Sporcle Settings to finish the process.

Report this User

Report this user for behavior that violates our Community Guidelines.

Details: